000
00208nam a22000857a 4500
008
161210b xxu||||| |||| 00| 0 eng d
100
_9
1992
_a
CBSE
245
_a
Economics-XII-S.P.
260
_a
New Delhi
_b
Satish
_c
2011
999
_c
4812
_d
4812